Zombies 2 "Call to the Wild" Song Lyrics - Statistics

General Stats
  • This quiz has been taken 183 times
  • The average score is 234 of 326
Answer Stats
Answer % Correct
a
95%
A
95%
the
94%
The
94%
call
92%
Call
92%
call,
92%
I
92%
(I
92%
to
92%
wild?
91%
wild,
91%
wild
91%
you,
90%
you
90%
You
90%
We
88%
we
88%
our
86%
is
83%
Can
81%
can
81%
(Can
81%
are
79%
livin'
78%
Livin'
78%
feel
76%
feel?
76%
feel)
76%
livin'
76%
Livin'
76%
This
76%
Alpha
75%
No
73%
lives
72%
lives,
72%
how
70%
of
69%
on
69%
she
69%
up,
69%
we're
67%
my
66%
us
66%
be
65%
see
64%
Show
64%
show
64%
what
64%
yeah
64%
But
61%
but
61%
me
61%
destiny
60%
Great
60%
an
58%
history
58%
look
58%
one
58%
who
58%
know
57%
back
53%
Turn
53%
like
52%
you're
52%
You're
52%
her
49%
identically
49%
identity
48%
looks
48%
power
48%
Pull
48%
real
48%
energy
47%
in
46%
community
45%
source
45%
Lead
44%
have
43%
knows
43%
mystery
43%
written
43%
unity
42%
explain
41%
chemistry
40%
do,
40%
Hold
40%
it
39%
supposed
39%
veil
39%
cheerleader,
38%
not
37%
Unique,
37%
What's
37%
And
36%
and
36%
let
36%
Now
36%
prophecy
36%
totally
36%
family?
35%
before
34%
She's
34%
den,
33%
or
33%
when
33%
rhythm
32%
trust
32%
cave
31%
interrupt
31%
Release
31%
wolves
31%
bunch
29%
close
29%
if
29%
stray
29%
earn
27%
got
27%
too,
27%
hopefully
25%
need
25%
really
25%
tell
25%
vibe
23%
you'll
18%
(hey)
15%
(hey),
15%
(Hey)
15%
(it's
14%
Hey)
10%
(hey),
10%
living)
8%
No matching quizzes found
Score Distribution
Percent of People with Each Score
Percentile by Number Answered
Your Score History
You have not taken this quiz